000 00715nam a2200289Ia 4500
005 20260324134207.0
008 008 260324s9999 xx 000 0 eng d
020 _a9780203995297
037 _aEBOOK
040 _aCRL
040 _beng
040 _cCRL
041 _2eng
041 _aeng
084 _qCRL
100 _aClaudia Mitchell; Jacqueline Reid-Walsh
_91195927
245 0 _aResearching Children's Popular Culture
245 4 _bThe Cultural Spaces of Childhood
260 _bTaylor and Francis
260 _c2002
365 _a
365 _b230
856 _uhttp://www.taylorfrancis.com/books/9780203995297
942 _cEBOOK
999 _c1795724
_d1795724